| 000 | 00536nam a2200157Ia 4500 | ||
|---|---|---|---|
| 008 | 210430s9999 xx 000 0 und d | ||
| 020 | _a0-07-058400-1 | ||
| 082 | _a003 B8631 O | ||
| 100 |
_aRichardson Bronson, Govindasami Naadimuthu _9128873 |
||
| 245 |
_aSchaum's outline theory and problems of operations research / _cBronson, Richard. |
||
| 250 | _a2nd edition | ||
| 260 |
_a[S.l.] : _bMcGraw-Hill, _c1997 |
||
| 300 | _a456 p. ; | ||
| 856 | _uhttp://www.amazon.com/exec/obidos/ASIN/0070080208/chopaconline-20 | ||
| 942 |
_cBK _2ddc |
||
| 999 |
_c562624 _d562624 |
||